Central Library OPAC University of Rajshahi

A digest of Moohummudan law : (Record no. 32374)

MARC details
000 -LEADER
fixed length control field 00853nam a2200241 a 4500
001 - CONTROL NUMBER
control field 32374
003 - CONTROL NUMBER IDENTIFIER
rucl marc code BD-RjUL
005 - DATE AND TIME OF LATEST TRANSACTION
control field 20211209051827.0
008 - FIXED-LENGTH DATA ELEMENTS--GENERAL INFORMATION
fixed length control field 181010r19651957pk 00110 eng d
035 ## - SYSTEM CONTROL NUMBER
System control number (BD-RjUL)32463
System control number 2417083
040 ## - CATALOGING SOURCE
Original cataloging agency BD-RjUL
Language of cataloging eng
Transcribing agency BD-RjUL
Modifying agency BD-RjUL
041 ## - LANGUAGE CODE
Language code of text/sound track or separate title eng
082 ## - DEWEY DECIMAL CLASSIFICATION NUMBER
Classification number 297.14
Author mark and year BAD Pt-2 1958-1965
100 1# - MAIN ENTRY--PERSONAL NAME
Personal name Baillie, Neil Benjamin Edmonstone,
Dates associated with a name -1883.
9 (RLIN) 98498
245 12 - TITLE STATEMENT
Title A digest of Moohummudan law :
Remainder of title compiled and translated from authorities in the original Arabic /
260 ## - PUBLICATION, DISTRIBUTION, ETC. (IMPRINT)
Place of publication, distribution, etc. Lahore :
Name of publisher, distributor, etc. Premier Book House,
Date of publication, distribution, etc. 1957 [Impression 1958, 1965].
300 ## - PHYSICAL DESCRIPTION
Pagination pt. ;
Size 22 cm.
504 ## - BIBLIOGRAPHY, ETC. NOTE
Bibliography, etc Includes index.
505 0# - FORMATTED CONTENTS NOTE
Formatted contents note Part 2, Containing the doctrines of the Imameea code of jurisprudence on the most important of the same subjects --
650 #0 - SUBJECT ADDED ENTRY--TOPICAL TERM
Topical term or geographic name as entry element Islamic law.
9 (RLIN) 98499
942 ## - ADDED ENTRY ELEMENTS (KOHA)
Source of classification or shelving scheme Dewey Decimal Classification
Koha item type Books
Holdings
Lost status Source of classification or shelving scheme Damaged status Not for loan Collection code Permanent Location Current Location Shelving location Date acquired Source of acquisition Cost, normal purchase price Total Checkouts Total Renewals Full call number Date last seen Date checked out Copy number Koha item type
  Dewey Decimal Classification     Non-fiction Central Library, University of Rajshahi Central Library, University of Rajshahi   12/08/1965 Paramount Book Cor. 37.00 12 1 297.14 BAD Pt-2 1958 09/10/2023 09/10/2023 C-3 Books
  Dewey Decimal Classification     Non-fiction Central Library, University of Rajshahi Central Library, University of Rajshahi   12/08/1965 Paramount Book Cor. 37.00     297.14 BAD Pt-2 1958 09/05/2016   C-2 Books
  Dewey Decimal Classification   Not For Loan Rare Books Central Library, University of Rajshahi Central Library, University of Rajshahi Rare Book Section 10/10/2018         RA 297.14 BAD Pt-2 1965 10/10/2018   C-1 Rare Books
  Dewey Decimal Classification     Non-fiction Central Library, University of Rajshahi Central Library, University of Rajshahi   10/10/2018     15 1 297.14 BAD Pt-2 1965 07/11/2024 28/03/2024 C-4 Books